The Holy Quran on Environment / (Record no. 533938)

000 -LEADER
fixed length control field 00331nam a22001337a 4500
003 - CONTROL NUMBER IDENTIFIER
control field NUST
038 ## - RECORD CONTENT LICENSOR
Staff Name waseem
082 ## - DEWEY DECIMAL CLASSIFICATION NUMBER
Classification number 297
Author Mark BHA
100 ## - MAIN ENTRY--PERSONAL NAME
Personal name Bhatti, Akhtar K.
9 (RLIN) 27993
245 ## - TITLE STATEMENT
Title The Holy Quran on Environment /
Statement of responsibility, etc. Akhtar K. Bhatti
260 ## - PUBLICATION, DISTRIBUTION, ETC.
Place of publication, distribution, etc. Karachi :
Name of publisher, distributor, etc. Royal Book Company,
Date of publication, distribution, etc. 1995.
300 ## - PHYSICAL DESCRIPTION
Extent 143 p.
942 ## - ADDED ENTRY ELEMENTS (KOHA)
Source of classification or shelving scheme
Koha item type Book
Holdings
Withdrawn status Lost status Source of classification or shelving scheme Damaged status Not for loan Permanent Location Current Location Shelving location Date acquired Source of acquisition Total Checkouts Full call number Barcode Date last seen Price effective from Koha item type
          Central Library (CL) Central Library (CL) First Floor - Islam 01/25/2020 Donation   297 BHA CL-D-853 01/25/2020 01/25/2020 Book
© 2023 Central Library, National University of Sciences and Technology. All Rights Reserved.